| 000 | 004400000a22001810004500 | ||
|---|---|---|---|
| 003 | LK-CoMWRAF | ||
| 005 | 20230907141026.0 | ||
| 008 | 230817t1997 ||||| |||| 00| 0 eng d | ||
| 040 |
_aLK-CoMWRAF _dLK-CoMWRAF _eLK-CoMWRAF |
||
| 041 | _aeng | ||
| 082 |
_a823 _bRAN |
||
| 100 | _aRanaweera, Eva | ||
| 245 | _aWith maya | ||
| 260 |
_aCoombo : _bEva Ranaweera, _c1997 |
||
| 300 | _a82p | ||
| 650 | _aEnglish Fiction-Sri Lankan | ||
| 942 | _cBK | ||
| 999 |
_c2480 _d2480 |
||